Montagnes les plus dangereuses au monde - Statistiques

Statistiques générales
  • Ce quiz a été pris 66 fois
  • Le résultat moyen est 3 sur 5
Statistiques - réponses
Classement Pays Taux de mortalité Altitude Risques majeurs Montagne % Correct
3 Inde / Chine 19% 8611 m Verticalité du chemin, météo instable, effondrements de séracs (murs glaciaires) Chogori (K2)
100%
1 Népal 26,7% 8091 m Avalanches, météo instable Annapurna I
71%
2 Pakistan 21% 8126 m Avalanches, météo instable, terrorisme Nanga Parbat
44%
5 Inde/Népal 12,7% 8586 m Isolement géographique Kangchenjunga
29%
4 Népal 15,6% 8167 m Avalanches, isolement géographique Dhaulagiri
23%
Aucun quiz correspondant
Distribution des résultats
% des personnes avec chaque résultat
Percentile par nombre de réponses
Votre historique - résultats
Vous n’avez pas pris ce quiz